Наш великий Наставник геше Дугда (Запись № 12472616)

Подробности
000 -МАРКЕР
контрольное поле 02375nam0a2200409 4500
001 - ИДЕНТИФИКАТОР ЗАПИСИ
контрольное поле RU\NLR\BIBL_A\012865431
005 - ИДЕНТИФИКАТОР ВЕРСИИ
контрольное поле 20221019164517.0
010 ## - МЕЖДУНАРОДНЫЙ СТАНДАРТНЫЙ НОМЕР КНИГИ (ISBN)
Номер (ISBN) 978-5-4465-3575-0
Тираж 300
021 ## - НОМЕР ГОСУДАРСТВЕННОЙ РЕГИСТРАЦИИ
Код страны Российская Федерация
Номер КН-П-22-033717
Номер Листа государственной регистраци КН-П-22-2882
035 ## - ДРУГИЕ СИСТЕМНЫЕ НОМЕРА
Идентификатор записи (NLR Aleph) 012865431
035 ## - ДРУГИЕ СИСТЕМНЫЕ НОМЕРА
Идентификатор записи (RuMoRGB)011082768
100 ## - ДАННЫЕ ОБЩЕЙ ОБРАБОТКИ
Данные общей обработки 20220812d2022 u y0rusy50 ca
101 0# - ЯЗЫК РЕСУРСА
Язык текста, звукозаписи и т.д. русский
102 ## - СТРАНА ПУБЛИКАЦИИ ИЛИ ПРОИЗВОДСТВА
Страна публикации Российская Федерация
105 ## - ПОЛЕ КОДИРОВАННЫХ ДАННЫХ: ТЕКСТОВЫЕ МАТЕРИАЛЫ, МОНОГРАФИЧЕСКИЕ
Кодированные данные о монографическом текстовом документе ach z 000zy
181 #0 - ПОЛЕ КОДИРОВАННЫХ ДАННЫХ: ВИД СОДЕРЖАНИЯ
Код вида содержания (ISBD) i3
Код характеристики содержания (ISBD) axxe
182 #0 - ПОЛЕ КОДИРОВАННЫХ ДАННЫХ: ТИП СРЕДСТВА
Код типа средства (ISBD) n - непосредственное
200 1# - ЗАГЛАВИЕ И СВЕДЕНИЯ ОБ ОТВЕТСТВЕННОСТИ
Основное заглавие Наш великий Наставник геше Дугда
Сведения, относящиеся к заглавию о жизни и деятельности геше-лхарамбе Тензин Дугде
Первые сведения об ответственности Калмыцкий буддийский центр "Тилопа"
Последующие сведения об ответственности составители и члены редколлегии: Н. Бакараева [и др.]
203 ## - ВИД СОДЕРЖАНИЯ И ТИП СРЕДСТВА
Вид содержания Текст
Дополнительные сведения об издании визуальный
Тип средства непосредственный
210 ## - ПУБЛИКАЦИЯ, РАСПРОСТРАНЕНИЕ И ДР.
Место издания, распространения и т.д. Элиста
Имя издателя, распространителя и т. д. [б. и.]
Место издания, распространения и т.д. Москва
Имя издателя, распространителя и т. д. Буки Веди
Дата издания, распространения и т.д. 2022
215 ## - ФИЗИЧЕСКАЯ ХАРАКТЕРИСТИКА
Специфическое обозначение материала и объем 287, [1] с.
Другие сведения о физической характеристике цв. ил., портр., факс.
Размеры 22
330 ## - РЕЗЮМЕ ИЛИ РЕФЕРАТ
Текст примечания Книга рассказывает о жизни и деятельности одного из выдающихся буддийских учителей, геше-лхарамбе Тензин Дугде, внесшим огромный вклад в возрождение и развитие буддизма в Калмыкии в современный период. Издание иллюстрировано и адресовано широкому кругу читателей, всем, кто интересуется историей буддизма Калмыкии
600 #0 - ИМЯ ЛИЦА КАК ПРЕДМЕТ
Начальный элемент ввода Тензин Дугда
Даты 1938 - 2012
Системный номер авторитетной/нормативной записи 2529670
Идентификатор авторитетной/нормативной записи RU\NLR\AUTH\6601712398
606 1# - НАИМЕНОВАНИЕ ТЕМЫ КАК ПРЕДМЕТ
Наименование темы Буддизм
Географический подзаголовок Калмыкия
Хронологический подзаголовок 20 - 21 вв.
Системный номер авторитетной/нормативной записи 2526827
Идентификатор авторитетной/нормативной записи RU\NLR\AUTH\6601711055
686 2# - ИНДЕКСЫ ДРУГИХ КЛАССИФИКАЦИЙ
Индекс Э35-36-028
686 2# - ИНДЕКСЫ ДРУГИХ КЛАССИФИКАЦИЙ
Индекс Э35-39(2Р-6Ка)7
702 #0 - ИМЯ ЛИЦА - ВТОРИЧНАЯ ОТВЕТСТВЕННОСТЬ
Код отношения Объект посвящения
Графика поля Кириллица
Материалы, к которым относится поле rus
Начальный элемент ввода Тензин Дугда
Даты 1938-2012
Системный номер авторитетной/нормативной записи 247710
Идентификатор авторитетной/нормативной записи RU\NLR\AUTH\770247766
702 #1 - ИМЯ ЛИЦА - ВТОРИЧНАЯ ОТВЕТСТВЕННОСТЬ
Начальный элемент ввода Бакараева
Часть имени, кроме начального элемента ввода Н.
Код отношения Составитель
712 02 - НАИМЕНОВАНИЕ ОРГАНИЗАЦИИ - ВТОРИЧНАЯ ОТВЕТСТВЕННОСТЬ
Код отношения Прочие
Начальный элемент ввода "Тилопа", калмыцкий буддийский центр
Идентифицирующий признак Элиста
Системный номер авторитетной/нормативной записи 809715
Идентификатор авторитетной/нормативной записи RU\NLR\AUTH\880571711
942 ## - ДОПОЛНИТЕЛЬНЫЕ ЭЛЕМЕНТЫ ЗАПИСИ (АБИС)
Тип экземпляра АБИС Книга
980 ## - КОЛЛЕКЦИЯ
Название коллекции Национальная библиография
Экземпляры
Тип экземпляра Дата поступления Источник поступления Библиотека постоянного хранения Библиотека текущего хранения Место хранения Шифр хранения Штрих-код Статус экземпляра
Книга 12.08.2022 Обязательный экземпляр РНБ (Московский) РНБ (Московский) Русский книжный фонд: издания с 1957 года 2022-5/7863 1-3931052